Japanese Cities by Japanese Name Quiz - Statistics

General Stats
  • This quiz has been taken 114 times
  • The average score is 15 of 20
Answer Stats
Japanese Name City % Correct
東京都 Tokyo
99%
大阪市 Osaka
92%
京都市 Kyoto
85%
名古屋市 Nagoya
85%
さいたま市 Saitama
84%
広島市 Hiroshima
82%
横浜市 Yokohama
80%
福岡市 Fukuoka
77%
仙台市 Sendai
77%
札幌市 Sapporo
76%
千葉市 Chiba
75%
川崎市 Kawasaki
75%
岡山市 Okayama
75%
北九州市 Kitakyushu
74%
神戸市 Kobe
71%
熊本市 Kumamoto
69%
静岡市 Shizuoka
69%
浜松市 Hamamatsu
67%
堺市 Sakai
62%
八王子市 Hachiōji
59%
No matching quizzes found
Score Distribution
Percent of People with Each Score
Percentile by Number Answered
Your Score History
You have not taken this quiz